THE GOOD SOLDIER (Record no. 216427)

MARC details
000 -LEADER
fixed length control field 00375nam a22001457a 4500
008 - FIXED-LENGTH DATA ELEMENTS--GENERAL INFORMATION
fixed length control field 260108b |||||||| |||| 00| 0 eng d
020 ## - INTERNATIONAL STANDARD BOOK NUMBER
International Standard Book Number 978-0-099-54067-0
100 ## - MAIN ENTRY--PERSONAL NAME
Personal name FORD, MADDOX FORD
245 ## - TITLE STATEMENT
Title THE GOOD SOLDIER
260 ## - PUBLICATION, DISTRIBUTION, ETC.
Place of publication, distribution, etc. LONDON
Name of publisher, distributor, etc. VINTAGE BOOKS
Date of publication, distribution, etc. 2010
300 ## - PHYSICAL DESCRIPTION
Extent XX, 239P.
650 ## - SUBJECT ADDED ENTRY
Topical term or geographic name entry element MARRIED PEOPLE -FICTION
942 ## - ADDED ENTRY ELEMENTS (KOHA)
Source of classification or shelving scheme Library of Congress Classification
Koha item type Long Loan Book
Holdings
Withdrawn status Lost status Source of classification or shelving scheme Damaged status Not for loan Collection Home library Current library Shelving location Date acquired Inventory number Total checkouts Full call number Barcode Date last seen Copy number Price effective from Koha item type
    Library of Congress Classification     Arts & Social Sciences Kisii University Library Kisii University Library Fiction 01/08/2026 110768   PR 6011 .O53F67 2010 000000024252 01/08/2026 C.1 01/08/2026 Long Loan Book
    Library of Congress Classification     Arts & Social Sciences Kisii University Library Kisii University Library Fiction 01/08/2026 110769   PR 6011 .O53F67 2010 000000024342 01/08/2026 C.2 01/08/2026 Long Loan Book
    Library of Congress Classification     Arts & Social Sciences Kisii University Library Kisii University Library Fiction 01/08/2026 110770   PR 6011 .O53F67 2010 000000024335 01/08/2026 C.3 01/08/2026 Long Loan Book
    Library of Congress Classification     Arts & Social Sciences Kisii University Library Kisii University Library Fiction 01/08/2026 110771   PR 6011 .O53F67 2010 000000024334 01/08/2026 C.4 01/08/2026 Long Loan Book
    Library of Congress Classification     Arts & Social Sciences Kisii University Library Kisii University Library Fiction 01/08/2026 110772   PR 6011 .O53F67 2010 000000024333 01/08/2026 C.5 01/08/2026 Long Loan Book